000 00435nam a2200181Ia 4500
001 23027
005 20260414150910.0
008 260414t2014||||xx |||||||||||||| ||spa||
041 _aESP
082 _a624.177
_bG48
100 _aGioncu, Victor
_eAUT
245 0 _aSeismic design of steel structures
_b
260 _c2014
300 _axviii, 507 páginas :
_c24 cm.
650 _a0
654 _aCIC
942 _cLIB
_dJUS
_fJUS
_2ddc
_n
999 _c23027
_d23027